| 000 | 00344nam a2200133Ia 4500 | ||
|---|---|---|---|
| 008 | 130318s9999 xx 000 0 und d | ||
| 020 | _a812031445x | ||
| 082 | _a005.1 MAL/F | ||
| 100 | _aMall, Rajib | ||
| 245 | _aFundamentals of software engineering | ||
| 260 |
_bPHI Learning _aNew Delhi _c2001 |
||
| 300 | _a221 | ||
| 650 | _aSOFTWARE ENGINEERING | ||
| 999 |
_c401 _d401 |
||